| 000 | 00441nam a22001217a 4500 | ||
|---|---|---|---|
| 082 | _a220 PRO | ||
| 100 |
_aNC Saad Ali Babar NC Faizan Rashid PC Al Anfaal Muhammad Mashallah _971440 |
||
| 245 | _aPR-SOF-1770-AUTONOMOUS NAVIGATION OF UNMANNED GROUND VEHICLE (UGV) | ||
| 260 |
_aISLAMABAD _bNUST COLLEGE OF EME _c2018 |
||
| 650 | _aDE-ELECT-36 DECLASS | ||
| 700 |
_aSupervisors Dr. Fahad Mumtaz Malik Sufyan Hafeez Khan _971441 |
||
| 942 | _cCR | ||
| 999 |
_c577963 _d577963 |
||